| 000 | 01059nam0a22002411i 4500 | ||
|---|---|---|---|
| 001 | rc\2354475 | ||
| 005 | 20240726004019.0 | ||
| 035 | _a(NLR Aleph) 006592642 | ||
| 090 |
_a7162801 _c7162801 |
||
| 100 | _a20110829d1977 |||y0rusy50 ca | ||
| 101 | 0 | _arus | |
| 102 | _aRU | ||
| 105 | _ay d ||||| | ||
| 200 | 1 |
_aМетодика преодоления межъязыковой лексической интерференции при обучении письменному высказыванию в национальных группах языкового вуза _e(Англ. яз.) _eАвтореф. дис. на соиск. учен. степени канд. пед. наук _e(13.00.02) _fМоск. гос. пед. ин-т иностр. яз. им. Мориса Тореза |
|
| 210 |
_aМосква _d1977 |
||
| 215 | _a24 с. | ||
| 700 | 1 |
_aНабиева _bК. _gКарима |
|
| 801 | 0 |
_aRU _bNLR _gpsbo |
|
| 801 | 1 |
_aRU _bELAR _2rusmarc |
|
| 852 |
_aNLR _j77-4/14836 |
||
| 899 |
_aRuMoRGB _jДр 348/69 |
||
| 899 |
_aRuMoRGB _jДр 348/70 |
||
| 942 | _cBOOK | ||